Marktversagen bei Spenden Einigen Bemerkungen zur Literatur

Na minha lista:
Detalhes bibliográficos
Autor principal: Paqué, Karl-Heinz
Formato: Livro
Idioma:alemão
Publicado em: Kiel Institut für Weltwirtschaft 1982
Colecção:Arbeitspapier Nr. 150
Tags: Adicionar Tag
Sem tags, seja o primeiro a adicionar uma tag!

MARC

LEADER 00000nam a2200000 4500
001 c138344
005 20181203150511.3
041 0 |a ger 
044 |a DE 
245 1 0 |a Marktversagen bei Spenden  |b Einigen Bemerkungen zur Literatur  |c Karl-Heinz Paqué 
264 1 |a Kiel  |b Institut für Weltwirtschaft  |c 1982 
300 |a 38 s. 
490 1 |a Arbeitspapier  |v Nr. 150 
830 0 |a Arbeitspapier  |v Nr. 150 
100 1 |a Paqué, Karl-Heinz